1309 1673 1940 1426 1798 1088 1405 1699 1146 1787 1021 1778 1845 1321 1016 1893 1250 1767 1946 1470 1388 1303 1758 1119 1509 1282 1899 1793 1528 1529 1514 1871 1989 1956 1829 1677 1984 1011 1983 1644 1035 1022 1987 1679 1930 1058 1630 1208 1565 1552 1589 1612 1209 1313 1754 1683 1883 1724 1521 1382 1610 1894 1369 1859 1266 1329 1640 1427 1564 1041 1697 1105 1430 1448 1232 1401 1271 1082 1396 1575 1352 1517 1844 1843 1684 1724 1609 1961 1660 1990 1240 1735 1684 1152 1759 1742 1630 1104 1202 BCNSPRNW ULIB Ver.6.0+V

เปลี่ยนเป็นภาษาไทย

Change to English
 แสดงรายละเอียดบรรณานุกรม
  กลับหน้าหลัก

Brief Record : Get Marc (ISO 2709) : E-mail record : QR code < ปิดหน้าต่าง
LEADER : 00000nam 2200000uu 4500
001    13399123898
003     ULIB
008    141214s2553||||th 000 0 tha d
020    ^a9789744013163
060 04 ^aWO100^bศ338ว
245 00 ^aศัลยศาสตร์วิวัฒน์ 39 =^bUpdate in colorectal surgery 2010/^cบรรณาธิการ, จักรพันธ์ เอื้อนรเศรษฐ์, วีรพัฒน์ สุวรรณธรรมา, กษยา ตันติผลาชีวะ
246 31 ^aUpdate in colorectal surgery 2010
250    ^aพิมพ์ครั้งที่ 1
260    ^aกรุงเทพฯ :^bกรุงเทพเวชสาร,^c2553
300    ^a552 หน้า :^bภาพประกอบ
520    ^aหนังสือเล่มนี้เสนอเนื้อหาเกี่ยวกับความรู้ทางด้านศัลยศาสตร์ อาทิเช่น ฝีคัณฑสูตร การส่องกล้องตรวจลำไส้ใหญ่ ภาวะที่ไม่สามารถควบคุมการกลั้นอุจจาระได้ติดต่อกันนานกว่า 1 เดือนในคนที่อายุมากกว่า 4 ปี การรักษาริดสีดวงทวารหนัก การรักษากลุ่มอาการปวดเรื้อรัง การรักษาท้องผูกเรื้อรัง เป็นต้น
650  7 ^aศัลยศาสตร์
700 0  ^aจักรพันธ์ เอื้อนรเศรษฐ์,^eบรรณาธิการ
700 0  ^aวีรพัฒน์ สุวรรณธรรมา,^eบรรณาธิการ
700 0  ^aกษยา ตันติผลาชีวะ,^eบรรณาธิการ
945    ^p650^l0^i22571
945    ^p650^l0^i22572
999    ^aทศพร เกษรทอง
รายการนี้ยังไม่มีแท็ก
คุณยังไม่ได้ล็อกอิน คุณสามารถมีกิจกรรมร่วมกับเว็บไซต์ได้ แต่ต้องล็อกอินก่อน ::
  ล็อกอิน

รายการสื่อสารสนเทศ

ลำดับที่ ประเภท เลขเรียก/บาร์โค้ด สถานที่ สถานะ
1. วิทยาศาสตร์การแพทย์ และสุขภาพ
วิทยาศาสตร์การแพทย์ และสุขภาพ
สถานะ=หนังสือเก่า
WO100 ศ338ว ฉ.1 
  Barcode: 22571
ห้องสมุดวิทยาเขตนครสวรรค์
►ส่วนจัดเก็บหนังสือเก่า นว.
บนชั้น
  ขอยืม
2. วิทยาศาสตร์การแพทย์ และสุขภาพ
วิทยาศาสตร์การแพทย์ และสุขภาพ
สถานะ=หนังสือเก่า
WO100 ศ338ว ฉ.2 
  Barcode: 22572
ห้องสมุดวิทยาเขตนครสวรรค์
►ส่วนจัดเก็บหนังสือเก่า นว.
บนชั้น
  ขอยืม

รายการใกล้เคียง
    หัวเรื่อง [ศัลยศาสตร์]

BibComment


ยังไม่เคยถูกคอมเมนท์

คอมเมนท์ทรัพยากรรายการนี้
  คอมเมนท์: ศัลยศาสตร์วิวัฒน..


 Copyright 2026. Bcnsprnw @Library